L-Letter Subdivisions of Africa - Statistics

General Stats
  • This quiz has been taken 16 times
    5 since last reset
  • The average score is 15 of 45
Answer Stats
Country Subdivision Type Answer % Correct
South Africa Province Limpopo
100%
Zambia Province Lusaka
100%
Equatorial Guinea Province Litoral
75%
Benin Department Littoral
75%
Cameroon Region Littoral
75%
Guinea Region Labé
50%
Chad Province Lac
50%
Nigeria State Lagos
50%
Liberia County Lofa
50%
Senegal Region Louga
50%
Gambia City Lower River
50%
Democratic Republic of the Congo Province Lualaba
50%
Angola Province Luanda
50%
Angola Province Lunda Norte
50%
Angola Province Lunda Sul
50%
Egypt Governorate Luxor
50%
Côte d'Ivoire Autonomous District Lagunes
25%
Kenya County Lamu
25%
Uganda District Lamwo
25%
Republic of the Congo Department Lékoumou
25%
São Tomé and Príncipe District Lembá
25%
Lesotho District Leribe
25%
Seychelles District Les Mamelles
25%
Republic of the Congo Department Likouala
25%
Central African Republic Prefecture Lim-Pendé
25%
Tanzania Region Lindi
25%
São Tomé and Príncipe District Lobata
25%
Botswana Town Lobatse
25%
Central African Republic Prefecture Lobaye
25%
Chad Province Logone Occidental
25%
Chad Province Logone Oriental
25%
Democratic Republic of the Congo Province Lomami
25%
Uganda District Luuka
25%
Uganda District Luweero
25%
Uganda District Lwengo
25%
Uganda District Lyantonde
25%
Morocco Region Laâyoune-Sakia El Hamra
0%
Côte d'Ivoire Autonomous District Lacs
0%
Seychelles District La Digue and Inner Islands
0%
Algeria Province Laghouat
0%
Kenya County Laikipia
0%
South Sudan State Lakes
0%
Uganda District Lira
0%
Zambia Province Luapula
0%
Eswatini Region Lubombo
0%
No matching quizzes found
Score Distribution
Percent of People with Each Score
Percentile by Number Answered
Your Score History
You have not taken this quiz since the last reset